<?xml version="1.0" encoding="UTF-8"?>
<record
    xmlns:xsi="http://www.w3.org/2001/XMLSchema-instance"
    xsi:schemaLocation="http://www.loc.gov/MARC21/slim http://www.loc.gov/standards/marcxml/schema/MARC21slim.xsd"
    xmlns="http://www.loc.gov/MARC21/slim">

  <leader>02950nkc a22003137a 4500</leader>
  <controlfield tag="001">85811</controlfield>
  <controlfield tag="005">20260422094434.0</controlfield>
  <controlfield tag="007">kh bo </controlfield>
  <controlfield tag="008">260416s1890    sp ||||| |||| |0| i|spa d</controlfield>
  <datafield tag="040" ind1=" " ind2=" ">
    <subfield code="a">M-RABA</subfield>
    <subfield code="b">spa</subfield>
    <subfield code="c">M-RABA</subfield>
  </datafield>
  <datafield tag="245" ind1="0" ind2="1">
    <subfield code="a">[Pilas bautismales en Castilla y Le&#xF3;n]</subfield>
    <subfield code="h">[Material gr&#xE1;fico]</subfield>
  </datafield>
  <datafield tag="260" ind1=" " ind2=" ">
    <subfield code="c">[ca. 1890]</subfield>
  </datafield>
  <datafield tag="300" ind1=" " ind2=" ">
    <subfield code="a">2 fotograf&#xED;as</subfield>
    <subfield code="b">: aristotipo a la gelatina</subfield>
    <subfield code="c">; 12,9 x 17,8 cm (medidas m&#xED;nimas)</subfield>
    <subfield code="c">; 22,5 x 17,5 cm imagen (medidas m&#xE1;ximas)</subfield>
  </datafield>
  <datafield tag="500" ind1="0" ind2="0">
    <subfield code="a">Conjunto de dos fotograf&#xED;as correspondientes a dos pilas bautismales ubicadas, en concreto en Iglesia de Santa Mar&#xED;a de los Reyes, en Laguardia, &#xC1;lava, y en la Iglesia de Nuestra Se&#xF1;ora de las Nieves (Polentinos, Palencia).</subfield>
  </datafield>
  <datafield tag="500" ind1="0" ind2="0">
    <subfield code="a">Ambas fotograf&#xED;as corresponden a aristotipos a la gelatina con acabado mate. 
Una de las im&#xE1;genes se encuentra virada al oro o tonos c&#xE1;lidos y presenta una de sus esquinas rasgada y adherida en la parte del verso con cinta para evitar su p&#xE9;rdida completa (Fot-654). La segunda imagen, en blanco y negro presenta un espejo de plata bastante visible que se inicia en los bordes hacia el interior, deterioro t&#xED;pico de la plata en este tipo de materiales (Fot-655)</subfield>
  </datafield>
  <datafield tag="500" ind1="0" ind2="0">
    <subfield code="a">Identificaciones basadas en de Goicoechea y Araluze, N&#xE9;stor de, "Las riquezas art&#xED;sticas de Laguardia (Alaba)", Pyrenaica, Federaci&#xF3;n Vasco-Navarra de Monta&#xF1;ismo, n&#xBA; 3, 1966, p. 196. (Disponible online https://pyrenaica.emf.eus/wp-content/uploads/aldizkariak/082/pyrenaica_082.pdf) y Hernando Garrido, Jos&#xE9; Luis; Alonso Moreno, Miriam Raquel "Polentinos", Enciclopedia del Rom&#xE1;nico en Castilla y Le&#xF3;n, T. IV. Palencia v. I, 2002, pp. 565-566 (Disponible online https://www.romanicodigital.com/sites/default/files/pdfs/files/palencia_POLENTINOS.pdf)</subfield>
  </datafield>
  <datafield tag="505" ind1=" " ind2=" ">
    <subfield code="a">Fot-654: Iglesia de Santa Mar&#xED;a de los Reyes (Laguardia, &#xC1;vila). Fot-655: Iglesia de Nuestra Se&#xF1;ora de las Nieves (Polentinos, Palencia).</subfield>
  </datafield>
  <datafield tag="510" ind1=" " ind2=" ">
    <subfield code="a">Goicoechea y Araluze, N&#xE9;stor de, "Las riquezas art&#xED;sticas de Laguardia (Alaba)", Pyrenaica, Federaci&#xF3;n Vasco-Navarra de Monta&#xF1;ismo, n&#xBA; 3, 1966, p. 196. </subfield>
  </datafield>
  <datafield tag="510" ind1=" " ind2=" ">
    <subfield code="a">Hernando Garrido, Jos&#xE9; Luis; Alonso Moreno, Miriam Raquel "Polentinos", Enciclopedia del Rom&#xE1;nico en Castilla y Le&#xF3;n, T. IV. Palencia v. I, 2002, pp. 565-566.</subfield>
  </datafield>
  <datafield tag="610" ind1="1" ind2="0">
    <subfield code="a">Iglesia de Nuestra Se&#xF1;ora de las Nieves (Polentinos, Palencia)</subfield>
    <subfield code="9">111674</subfield>
  </datafield>
  <datafield tag="610" ind1="1" ind2="0">
    <subfield code="a">Iglesia de Santa Mar&#xED;a de los Reyes (Laguardia, &#xC1;lava)</subfield>
    <subfield code="9">111675</subfield>
  </datafield>
  <datafield tag="651" ind1=" " ind2="7">
    <subfield code="a">&#xC1;lava</subfield>
    <subfield code="2">embne</subfield>
    <subfield code="9">75661</subfield>
  </datafield>
  <datafield tag="651" ind1=" " ind2="7">
    <subfield code="a">Palencia (Espa&#xF1;a)</subfield>
    <subfield code="9">75329</subfield>
  </datafield>
  <datafield tag="655" ind1=" " ind2="0">
    <subfield code="a">Fotograf&#xED;as de monumentos</subfield>
    <subfield code="9">111580</subfield>
  </datafield>
  <datafield tag="852" ind1=" " ind2=" ">
    <subfield code="j">Fot-654; Fot-655</subfield>
  </datafield>
  <datafield tag="856" ind1=" " ind2=" ">
    <subfield code="u">https://archivoybiblioteca.realacademiabellasartessanfernando.com/cgi-bin/koha/opac-retrieve-file.pl?id=e971642275f4dc82ecdfa30066215904</subfield>
    <subfield code="y">Fot-654</subfield>
  </datafield>
  <datafield tag="856" ind1=" " ind2=" ">
    <subfield code="u">https://archivoybiblioteca.realacademiabellasartessanfernando.com/cgi-bin/koha/opac-retrieve-file.pl?id=c2c0fb9d38daf23f4a0a8a09f97b3771</subfield>
    <subfield code="y">Fot-655</subfield>
  </datafield>
  <datafield tag="942" ind1=" " ind2=" ">
    <subfield code="c">FOTOGRAF&#xCD;A</subfield>
    <subfield code="n">0</subfield>
  </datafield>
  <datafield tag="952" ind1=" " ind2=" ">
    <subfield code="0">0</subfield>
    <subfield code="1">0</subfield>
    <subfield code="2">ddc</subfield>
    <subfield code="4">0</subfield>
    <subfield code="7">0</subfield>
    <subfield code="8">FOTOGRAFIA</subfield>
    <subfield code="a">RABASF</subfield>
    <subfield code="b">RABASF</subfield>
    <subfield code="c">DP2</subfield>
    <subfield code="d">2026-04-16</subfield>
    <subfield code="l">0</subfield>
    <subfield code="o">Fot-654</subfield>
    <subfield code="p">1096925</subfield>
    <subfield code="r">2026-04-16 12:28:58</subfield>
    <subfield code="w">2026-04-16</subfield>
    <subfield code="y">FOTOGRAF&#xCD;A</subfield>
  </datafield>
  <datafield tag="952" ind1=" " ind2=" ">
    <subfield code="0">0</subfield>
    <subfield code="1">0</subfield>
    <subfield code="2">ddc</subfield>
    <subfield code="4">0</subfield>
    <subfield code="7">0</subfield>
    <subfield code="8">FOTOGRAFIA</subfield>
    <subfield code="a">RABASF</subfield>
    <subfield code="b">RABASF</subfield>
    <subfield code="c">DP2</subfield>
    <subfield code="d">2026-04-16</subfield>
    <subfield code="l">0</subfield>
    <subfield code="o">Fot-655</subfield>
    <subfield code="p">1096926</subfield>
    <subfield code="r">2026-04-16 12:28:58</subfield>
    <subfield code="w">2026-04-16</subfield>
    <subfield code="y">FOTOGRAF&#xCD;A</subfield>
  </datafield>
  <datafield tag="999" ind1=" " ind2=" ">
    <subfield code="c">85811</subfield>
    <subfield code="d">85811</subfield>
  </datafield>
</record>
